Normal view
MARC view
- Paularikas, Alexendar D
Entry Personal Name
001 - CONTROL NUMBER
- control field: 73622
003 - CONTROL NUMBER IDENTIFIER
- control field: NUST
005 - DATE AND TIME OF LATEST TRANSACTION
- control field: 20210628205040.0
008 - FIXED-LENGTH DATA ELEMENTS
- fixed length control field: 210628|| aca||aabn | a|a d
040 ## - CATALOGING SOURCE
- Original cataloging agency: NUST
- Transcribing agency: NUST
100 ## - HEADING--PERSONAL NAME
- Personal name: Paularikas, Alexendar D
670 ## - SOURCE DATA FOUND
- Source citation: Work cat.: (NUST): Paularikas, Alexendar D, The transforms and application handbook, 1996
